000 00673nam a22001937a 4500
005 20120119105448.0
020 _a9788124309230
_c50.00
082 _aS
100 _aJoshi, Yogesh
_939553
245 _aHitopadesh 2 /
_cby Yogesh Joshi; illustrated by Subodh Narvekar
260 _aMumbai
_bNavneet Publications,
_c200?
270 _aBhavani Shankar Road, Dadar
_bMumbai
_e400028
300 _a31p
_bill (col)
_c28 cm (Pbk)
490 _aClassic literature for children
_v2
_939554
500 _aSet of 5 books
700 _aNarvekar, Subodh
_939552
942 _2ddc
_cCH
_hS
_mJOS
999 _c61147
_d61147